Kingdom Formation in Precolonial India : (Record no. 1848078)

MARC details
000 -LEADER
fixed length control field 00491 a2200169 4500
005 - DATE AND TIME OF LATEST TRANSACTION
control field 20260409143719.0
008 - FIXED-LENGTH DATA ELEMENTS--GENERAL INFORMATION
fixed length control field 260409b |||||||| |||| 00| 0 eng d
020 ## - INTERNATIONAL STANDARD BOOK NUMBER
International Standard Book Number 9789366279152
040 ## - CATALOGING SOURCE
Transcribing agency SDCL
041 ## - LANGUAGE CODE
Source of code eng
Language code of text/sound track or separate title eng
084 ## - COLON CLASSIFICATION NUMBER
Classification number V2'M R5
100 ## - MAIN ENTRY--PERSONAL NAME
Personal name Barman, Rup Kumar
245 ## - TITLE STATEMENT
Title Kingdom Formation in Precolonial India :
Remainder of title A Historical Study of the Koch Kingdom, c.1540-1773
260 ## - PUBLICATION, DISTRIBUTION, ETC.
Place of publication, distribution, etc. Delhi :
Name of publisher, distributor, etc. Primus Books,
Date of publication, distribution, etc. 2025.
300 ## - PHYSICAL DESCRIPTION
Extent x, 324p.
942 ## - ADDED ENTRY ELEMENTS (KOHA)
Koha item type Textual
Source of classification or shelving scheme Colon Classification (CC)
100 ## - MAIN ENTRY--PERSONAL NAME
-- 849239
999 ## -
-- 1848078
-- 1848078
Holdings
Withdrawn status Lost status Source of classification or shelving scheme Damaged status Not for loan Home library Current library Date acquired Source of acquisition Cost, normal purchase price Inventory number Total checkouts Full call number Barcode Date last seen Cost, replacement price Price effective from Koha item type
    Colon Classification (CC)     South Campus Library South Campus Library 2026-04-08 30 1276.00 145 & 30/12/2025   V2'M R5 SC1691961 2026-04-08 1595.00 2026-04-08 Textual
Copyright @ Delhi University Library System